| 000 | 00400pam a2200145 a 4500 | ||
|---|---|---|---|
| 020 |
_a978-81-315-0679-0 _c |
||
| 041 | _h | ||
| 082 |
_a658.001 _bDAF |
||
| 100 | _aDAFT R.L. | ||
| 245 |
_aORGANIZATIONAL THEORY CHANG AND DESIGN _hTextual Documents |
||
| 260 |
_aNEW DELHI _bCENTRAL COUNCIL FOR RESEARCH IN AYURVEDA AND SIDDHA _c2004 |
||
| 300 | _a510 | ||
| 653 | _aCHANGE MANAGEMENT | ||
| 930 | _a23391 | ||
| 999 |
_c142206 _d142206 |
||